[Event "FB1 1920 Schachfreunde Deizisau - SK Le"]
[Site "?"]
[Date "2020.02.16"]
[Round "8.4"]
[White "Agrest, Inna"]
[Black "Zschischang, Marine"]
[Result "1-0"]
[WhiteElo "2279"]
[BlackElo "2074"]
[PlyCount "69"]
[EventDate "2020.??.??"]

1. e4 e6 2. d4 d5 3. Nc3 dxe4 4. Nxe4 Nd7 5. Nf3 Ngf6 6. Bg5 Be7 7. Nxf6+ Bxf6
8. h4 c5 9. Qd2 cxd4 10. O-O-O Qb6 11. Nxd4 Bxd4 12. Qxd4 Qxd4 13. Rxd4 f6 14.
Be3 Ke7 15. Bb5 a6 16. Be2 Ne5 17. Rhd1 Nc6 18. R4d2 Rd8 19. Bd3 Rh8 20. Bc5+
Kf7 21. Be2 e5 22. Bc4+ Kg6 23. h5+ Kxh5 24. Bf7+ Kg4 25. Rd3 e4 26. Rg3+ Kf5
27. Rxg7 Ne5 28. Rd5 b5 29. Bh5 Ke6 30. Rd6+ Kf5 31. g4+ Nxg4 32. Bxg4+ Ke5 33.
Bh5 Kf5 34. Rd5+ Ke6 35. Bf7# 1-0

[Event "FB1 1920 Schachfreunde Deizisau - SK Le"]
[Site "?"]
[Date "2020.02.16"]
[Round "8.5"]
[White "Manusina, Nicole"]
[Black "Klek, Hanna Marie"]
[Result "0-1"]
[WhiteElo "1990"]
[BlackElo "2295"]
[PlyCount "68"]
[EventDate "2020.??.??"]

1. d4 Nf6 2. c4 g6 3. Nc3 Bg7 4. e4 d6 5. f3 O-O 6. Be3 a6 7. Qd2 Nbd7 8. Bd3
c6 9. Nge2 b5 10. cxb5 axb5 11. g4 e5 12. h3 b4 13. Nd1 d5 14. O-O exd4 15.
Nxd4 Ne5 16. Be2 dxe4 17. f4 Nd3 18. Nxc6 Qd6 19. Ne5 Rd8 20. Nxd3 exd3 21. Bf3
Ra4 22. Rc1 Rxa2 23. Rc6 Qd7 24. Bb6 Re8 25. Qxb4 Nd5 26. Qc4 Nxb6 27. Qxa2 Bb7
28. Rd6 Bd4+ 29. Kh2 Re2+ 30. Bxe2 dxe2 31. Re1 exd1=Q 32. Rxd1 Qxd6 33. Kg3
Bf2+ 34. Kxf2 Qxd1 0-1

[Event "FB1 1920 Schachfreunde Deizisau - SK Le"]
[Site "?"]
[Date "2020.02.16"]
[Round "8.6"]
[White "Straub, Natalia"]
[Black "Boehm, Jana"]
[Result "1-0"]
[WhiteElo "2129"]
[BlackElo "1996"]
[PlyCount "115"]
[EventDate "2020.??.??"]

1. Nf3 Nf6 2. g3 g6 3. Bg2 Bg7 4. O-O O-O 5. d4 c5 6. c3 d6 7. dxc5 dxc5 8.
Qxd8 Rxd8 9. Ne5 Ne8 10. Nc4 Nc6 11. Be3 Nd6 12. Nxd6 exd6 13. Na3 Be6 14. Rfd1
a6 15. Rd2 Rd7 16. Bd5 Rad8 17. Rad1 Bf5 18. Nc4 Bf8 19. Nb6 Rc7 20. Bf4 Re8
21. Kg2 Kg7 22. f3 Ne5 23. e4 Bd7 24. g4 Bb5 25. Kg3 h6 26. h4 Kh7 27. Bxe5
Rxe5 28. f4 Re8 29. g5 Bg7 30. Kf3 f5 31. exf5 gxf5 32. a4 Bd7 33. Re2 Rxe2 34.
Kxe2 Bf8 35. Kd3 Bc6 36. Re1 Re7 37. Rxe7+ Bxe7 38. Bxc6 bxc6 39. Nc8 Bf8 40.
h5 hxg5 41. fxg5 d5 42. Ke3 d4+ 43. cxd4 cxd4+ 44. Kxd4 Bg7+ 45. Ke3 Bxb2 46.
Kf4 c5 47. Nd6 Bc3 48. Kxf5 Bb2 49. h6 Bd4 50. Nf7 c4 51. g6+ Kg8 52. h7+ Kf8
53. Ke4 Bg7 54. h8=Q+ Bxh8 55. Nxh8 Kg7 56. Kd4 Kxh8 57. Kxc4 Kg7 58. Kc5 1-0

[Event "FB1 1920 SK Schwäbisch Hall - SV Mediz"]
[Site "?"]
[Date "2020.02.16"]
[Round "8.1"]
[White "Ratay, Meike"]
[Black "Javakhishvili, Lela"]
[Result "0-1"]
[WhiteElo "1973"]
[BlackElo "2463"]
[PlyCount "96"]
[EventDate "2020.??.??"]

1. e4 g6 2. d4 Bg7 3. Nc3 d6 4. Nf3 a6 5. a4 Nf6 6. Be2 O-O 7. O-O Nc6 8. h3 e5
9. dxe5 dxe5 10. Qxd8 Rxd8 11. Bc4 Be6 12. Bxe6 fxe6 13. Bg5 h6 14. Bxf6 Bxf6
15. Ne2 Nb4 16. c3 Nd3 17. b4 a5 18. Rfb1 axb4 19. cxb4 Be7 20. b5 Bc5 21. Rf1
b6 22. Nc1 Nxf2 23. Nb3 Nxe4+ 24. Nxc5 Nxc5 25. Nxe5 Rf8 26. Rxf8+ Kxf8 27.
Rf1+ Kg8 28. Nxg6 Rxa4 29. Ne7+ Kg7 30. Nc6 Ra8 31. Rf3 Ne4 32. Nd4 Nc5 33. Re3
Re8 34. Nc6 Nb7 35. Nd4 e5 36. Rg3+ Kf6 37. Rf3+ Kg5 38. Rg3+ Kf4 39. Rg4+ Ke3
40. Nf5+ Kd2 41. Rg7 Nd6 42. Rd7 Re6 43. Ng7 Rf6 44. Ne8 Rf7 45. Rxf7 Nxf7 46.
Nxc7 e4 47. Nd5 e3 48. Nxb6 Nd6 0-1

[Event "FB1 1920 SK Schwäbisch Hall - SV Mediz"]
[Site "?"]
[Date "2020.02.16"]
[Round "8.2"]
[White "Milliet, Sophie"]
[Black "Nguyen, Ha Thanh"]
[Result "1-0"]
[WhiteElo "2385"]
[BlackElo "2019"]
[PlyCount "79"]
[EventDate "2020.??.??"]

1. e4 c5 2. Nf3 Nc6 3. d4 cxd4 4. Nxd4 g6 5. c4 Bg7 6. Be3 Nf6 7. Nc3 Ng4 8.
Qxg4 Nxd4 9. Qd1 e5 10. Bd3 d6 11. O-O Be6 12. a4 a6 13. a5 Rc8 14. Qa4+ Bd7
15. Qb4 Bc6 16. Nd5 O-O 17. Bxd4 exd4 18. f4 Bxd5 19. cxd5 Qd7 20. Ra3 Rc7 21.
Rb3 Rfc8 22. Qd2 Rc5 23. Rb6 R8c7 24. h3 Qe7 25. b4 Rc3 26. b5 axb5 27. e5 Qd8
28. Rxd6 Rd7 29. Rxd7 Qxd7 30. Be4 f6 31. d6 fxe5 32. Bd5+ Kh8 33. fxe5 Rc8 34.
Rf7 Qd8 35. d7 Ra8 36. e6 d3 37. Qxd3 Qxa5 38. e7 Qe1+ 39. Qf1 Bd4+ 40. Kh1 1-0

[Event "FB1 1920 SK Schwäbisch Hall - SV Mediz"]
[Site "?"]
[Date "2020.02.16"]
[Round "8.3"]
[White "Reuter, Elisa"]
[Black "Mkrtchian, Lilit"]
[Result "0-1"]
[WhiteElo "1886"]
[BlackElo "2399"]
[PlyCount "84"]
[EventDate "2020.??.??"]

1. e4 e6 2. d4 d5 3. Nc3 Nf6 4. Bg5 Be7 5. e5 Nfd7 6. h4 h6 7. Bxe7 Qxe7 8. Qg4
O-O 9. f4 c5 10. Nf3 Nc6 11. dxc5 Nxc5 12. O-O-O f5 13. Qg3 Ne4 14. Nxe4 fxe4
15. Nh2 Qf7 16. Ng4 Qxf4+ 17. Qxf4 Rxf4 18. Be2 Bd7 19. Rh3 Be8 20. Rg3 Kh8 21.
c3 h5 22. Ne3 Nxe5 23. Rg5 Nf7 24. Rg6 Nd8 25. Rg5 Rxh4 26. Rf1 Kg8 27. Kd2 Nf7
28. Rg6 Nd8 29. Rg5 g6 30. g4 hxg4 31. Nxg4 Kg7 32. Ne5 Nc6 33. Nxc6 bxc6 34.
Rfg1 Kf6 35. R5g2 e5 36. Rf1+ Rf4 37. Ke3 Rxf1 38. Bxf1 Bd7 39. Rf2+ Bf5 40.
Ba6 c5 41. Bb7 d4+ 42. Ke2 Rb8 0-1

[Event "FB1 1920 SK Schwäbisch Hall - SV Mediz"]
[Site "?"]
[Date "2020.02.16"]
[Round "8.4"]
[White "Badelka, Olga"]
[Black "Mueller-Ludwig, Kristin"]
[Result "1-0"]
[WhiteElo "2404"]
[BlackElo "2055"]
[PlyCount "93"]
[EventDate "2020.??.??"]

1. c4 Nf6 2. Nc3 g6 3. g3 Bg7 4. Bg2 O-O 5. e4 e5 6. Nge2 d6 7. O-O Nbd7 8. d3
Nc5 9. h3 a6 10. Be3 Nfd7 11. f4 Ne6 12. f5 Nd4 13. g4 c6 14. Ng3 Qh4 15. Bf2
Qg5 16. Nce2 c5 17. Nc3 Bh6 18. Nd5 Qd2 19. h4 f6 20. Qxd2 Bxd2 21. Rad1 Ba5
22. fxg6 hxg6 23. Be3 Kg7 24. g5 Bd8 25. a3 fxg5 26. Bxg5 Bxg5 27. hxg5 Ne6 28.
Rxf8 Ndxf8 29. Nb6 Rb8 30. Bh3 Kf7 31. Rf1+ Ke7 32. Nd5+ Ke8 33. Bxe6 Bxe6 34.
Rf6 Kd7 35. Ne2 Bxd5 36. exd5 Ke7 37. Nc3 b5 38. cxb5 axb5 39. Ne4 c4 40. Kf2
cxd3 41. Ke3 b4 42. a4 b3 43. Kxd3 Rb4 44. Nc3 Rd4+ 45. Ke3 Rg4 46. Ne4 Rxg5
47. Rxf8 1-0

[Event "FB1 1920 SK Schwäbisch Hall - SV Mediz"]
[Site "?"]
[Date "2020.02.16"]
[Round "8.5"]
[White "Umpfenbach, Carolin"]
[Black "Guramishvili, Sopiko"]
[Result "0-1"]
[WhiteElo "2073"]
[BlackElo "2381"]
[PlyCount "38"]
[EventDate "2020.??.??"]

1. d4 d5 2. c4 dxc4 3. Nc3 a6 4. a4 Nc6 5. Nf3 e5 6. d5 Na5 7. Nxe5 Bd6 8. Nf3
Nf6 9. Bg5 h6 10. Bh4 O-O 11. e3 Bb4 12. Bxf6 Qxf6 13. Nd2 Rd8 14. e4 c6 15.
Qc2 cxd5 16. Nxd5 Rxd5 17. exd5 Bf5 18. Qd1 Nb3 19. Bxc4 Nxd2 0-1

[Event "FB1 1920 SK Schwäbisch Hall - SV Mediz"]
[Site "?"]
[Date "2020.02.16"]
[Round "8.6"]
[White "Ambartsumova, Karina"]
[Black "Ulrich, Helena Irene"]
[Result "1-0"]
[WhiteElo "2361"]
[BlackElo "1467"]
[PlyCount "75"]
[EventDate "2020.??.??"]

1. Nf3 Nf6 2. c4 g6 3. b3 Bg7 4. Bb2 O-O 5. g3 c5 6. Bg2 Nc6 7. O-O d6 8. d4 e6
9. Qc1 Qc7 10. Nc3 a6 11. Rd1 cxd4 12. Nxd4 Nxd4 13. Rxd4 Rd8 14. Qd1 Rb8 15.
Rc1 Qe7 16. Ba3 Ne8 17. Rd3 b5 18. cxb5 axb5 19. Bb4 Ba6 20. Ne4 Bf8 21. Rc6
Bb7 22. Bxd6 Nxd6 23. Rcxd6 Rxd6 24. Nxd6 Bxg2 25. Kxg2 Qa7 26. Qc2 Qa6 27. Qc7
Bxd6 28. Rxd6 Qc8 29. Qe7 Qb7+ 30. Qxb7 Rxb7 31. Rd8+ Kg7 32. g4 Kf6 33. Kf3
Ke5 34. h4 f5 35. g5 b4 36. e3 Ra7 37. Rd2 Rb7 38. Kg3 1-0

[Event "FB1 1920 OSG Baden-Baden - SV 1920 Hofh"]
[Site "?"]
[Date "2020.02.16"]
[Round "8.1"]
[White "Mar, Karmen"]
[Black "Muzychuk, Anna"]
[Result "0-1"]
[WhiteElo "2072"]
[BlackElo "2539"]
[PlyCount "80"]
[EventDate "2020.??.??"]

1. e4 e5 2. Nf3 Nc6 3. Bc4 Nf6 4. d3 Be7 5. O-O O-O 6. Re1 d6 7. a4 Kh8 8. a5
a6 9. c3 Ng8 10. d4 f5 11. dxe5 fxe4 12. Rxe4 Rxf3 13. gxf3 Bf5 14. Re1 Nxe5
15. Bf1 Qe8 16. Bf4 Qg6+ 17. Kh1 Nd3 18. Bxd3 Bxd3 19. Nd2 Rf8 20. Ne4 Bb5 21.
Be3 Bc6 22. Bd4 Bf6 23. Re3 Bxd4 24. cxd4 Ne7 25. Qg1 Rxf3 26. Qxg6 Nxg6 27.
Rxf3 Bxe4 28. Kg2 Nh4+ 29. Kg3 Nxf3 30. Rc1 c6 31. Rc4 Nd2 32. Rb4 c5 33. dxc5
dxc5 34. Ra4 Kg8 35. Ra1 Bc6 36. f4 Nb3 37. Re1 Nxa5 38. Rc1 Nb3 39. Rc3 Nd2
40. Kg4 Ne4 0-1

[Event "FB1 1920 OSG Baden-Baden - SV 1920 Hofh"]
[Site "?"]
[Date "2020.02.16"]
[Round "8.2"]
[White "Stefanova, Antoaneta"]
[Black "Roessler, Ulrike"]
[Result "0-1"]
[WhiteElo "2469"]
[BlackElo "2107"]
[PlyCount "118"]
[EventDate "2020.??.??"]

1. Nf3 g6 2. d4 Bg7 3. g3 Nf6 4. Bg2 O-O 5. O-O d6 6. Nc3 Nbd7 7. a4 c6 8. a5
e5 9. e4 Qc7 10. h3 Re8 11. Re1 Nf8 12. Be3 Bd7 13. Qd3 Ne6 14. b4 b6 15. axb6
axb6 16. Rxa8 Rxa8 17. d5 cxd5 18. exd5 Nf8 19. Nb5 Bxb5 20. Qxb5 Qxc2 21. Qxb6
Ra2 22. Qxd6 Ne4 23. Qc6 Qb2 24. d6 Nxf2 25. Nd2 Nd3 26. Rf1 e4 27. Qd5 Ne5 28.
Bxe4 Ra1 29. b5 Qc3 30. Bf2 Ra4 31. Nf3 Rxe4 32. Ng5 Re2 33. b6 Rd2 34. Qa8
Ned7 35. b7 Rxf2 36. Kxf2 Bd4+ 37. Kg2 Qd2+ 38. Kh1 Qxg5 39. Qe8 Qd5+ 40. Kh2
Qa2+ 41. Kh1 Qe6 42. Qxe6 fxe6 43. Kg2 Be5 44. Rd1 Nb8 45. Kf3 Nfd7 46. h4 Kf7
47. g4 Nf6 48. g5 Nd5 49. Rc1 Bxd6 50. Rc8 Nd7 51. Kg4 Ne3+ 52. Kf3 Nf5 53. Kg4
e5 54. h5 e4 55. Rd8 Ke7 56. Rh8 Nf8 57. Rxh7+ Nxh7 58. hxg6 Nxg5 59. Kxf5 e3
0-1

[Event "FB1 1920 OSG Baden-Baden - SV 1920 Hofh"]
[Site "?"]
[Date "2020.02.16"]
[Round "8.3"]
[White "Kushka, Alena"]
[Black "Paehtz, Elisabeth"]
[Result "0-1"]
[WhiteElo "2137"]
[BlackElo "2472"]
[PlyCount "58"]
[EventDate "2020.??.??"]

1. d4 e6 2. c4 b6 3. e4 Bb7 4. Bd3 Bb4+ 5. Nc3 f5 6. f3 Qh4+ 7. g3 Qh5 8. d5
fxe4 9. fxe4 Qxd1+ 10. Kxd1 Nf6 11. Nb5 Na6 12. a3 Be7 13. Nf3 c6 14. dxc6 dxc6
15. Nbd4 Nc5 16. Ke2 Nxd3 17. Kxd3 O-O-O 18. Ke2 Nxe4 19. Nxe6 Rd7 20. Be3 Bf6
21. Rad1 Re7 22. Ned4 c5 23. Nf5 Re6 24. Rd3 Rhe8 25. b3 g6 26. Nh6 Ng5 27. Rf1
Nxf3 28. Rxf3 Bxf3+ 29. Kxf3 Rxe3+ 0-1

[Event "FB1 1920 OSG Baden-Baden - SV 1920 Hofh"]
[Site "?"]
[Date "2020.02.16"]
[Round "8.4"]
[White "Abdumalik, Zhansaya"]
[Black "Winterholler, Christina"]
[Result "1-0"]
[WhiteElo "2471"]
[BlackElo "2071"]
[PlyCount "99"]
[EventDate "2020.??.??"]

1. e4 e5 2. Nf3 Nc6 3. Bb5 a6 4. Ba4 Nf6 5. O-O Nxe4 6. d4 b5 7. Bb3 d5 8. dxe5
Be6 9. Nbd2 Nc5 10. c3 Be7 11. Bc2 Bg4 12. Qe1 Ne6 13. a4 O-O 14. Qe2 b4 15.
Re1 Qd7 16. Nb3 Rfe8 17. Qd3 g6 18. Bh6 Bf5 19. Qd2 Bxc2 20. Qxc2 bxc3 21. bxc3
Nc5 22. Nxc5 Bxc5 23. Rad1 a5 24. Qa2 Rad8 25. Bg5 Be7 26. Bf4 Qg4 27. Bg3 Qc4
28. Qxc4 dxc4 29. Kf1 Bc5 30. Rxd8 Rxd8 31. Re4 Bb6 32. Rxc4 Nb8 33. Nd4 Na6
34. Ke2 Rd5 35. Nb3 Kf8 36. f4 Nc5 37. Nxc5 Rxc5 38. Rxc5 Bxc5 39. Bf2 Ba3 40.
Kd3 Ke7 41. Kc4 Ke6 42. Kb5 Bc1 43. g3 g5 44. fxg5 Kxe5 45. Kxa5 Kd5 46. Kb5
c6+ 47. Kb6 Bxg5 48. Kc7 Kc4 49. Kxc6 Bd8 50. Bb6 1-0

[Event "FB1 1920 OSG Baden-Baden - SV 1920 Hofh"]
[Site "?"]
[Date "2020.02.16"]
[Round "8.5"]
[White "Barpiyeva, Gulsana"]
[Black "Zatonskih, Anna"]
[Result "0-1"]
[WhiteElo "2009"]
[BlackElo "2425"]
[PlyCount "68"]
[EventDate "2020.??.??"]

1. d4 d5 2. c4 e6 3. Nc3 Be7 4. e3 Nf6 5. Nf3 O-O 6. Bd3 b6 7. O-O Bb7 8. cxd5
exd5 9. Qc2 a6 10. b3 Re8 11. Bb2 Bd6 12. Ne2 Nbd7 13. Ng3 g6 14. Nd2 Rc8 15.
Rac1 Qe7 16. Rfe1 Qe6 17. Nf3 Ne4 18. Nxe4 dxe4 19. Bc4 Qe7 20. Nd2 b5 21. Bf1
Bd5 22. g3 h5 23. Bg2 h4 24. Nf1 Nf6 25. Qe2 Qe6 26. Rc2 Kg7 27. f4 hxg3 28.
Nxg3 Rh8 29. Rf1 Rh4 30. h3 Rch8 31. Qd1 Rxh3 32. Bxh3 Qxh3 33. Rg2 Ng4 34. Re1
Be7 0-1

[Event "FB1 1920 OSG Baden-Baden - SV 1920 Hofh"]
[Site "?"]
[Date "2020.02.16"]
[Round "8.6"]
[White "Kovalevskaya, Ekaterina"]
[Black "Froehlich-Dill, Astrid"]
[Result "1-0"]
[WhiteElo "2407"]
[BlackElo "1875"]
[PlyCount "40"]
[EventDate "2020.??.??"]

1. Nf3 d5 2. g3 c5 3. Bg2 Nc6 4. d4 e6 5. O-O Nf6 6. c4 Be7 7. cxd5 exd5 8.
dxc5 O-O 9. a3 Bxc5 10. b4 Bb6 11. Nc3 h6 12. Bb2 Be6 13. Na4 Nd7 14. Nxb6 Nxb6
15. b5 Ne7 16. Nd4 Bg4 17. Nb3 Rc8 18. Qd4 f6 19. Qxg4 Rc2 20. Bd4 Nc4 1-0

[Event "FB1 1920 Karlsruher SF 1853 - SC Bad KÃ"]
[Site "?"]
[Date "2020.02.16"]
[Round "8.2"]
[White "Schmidt, Jessica"]
[Black "Schneider, Jana"]
[Result "1/2-1/2"]
[WhiteElo "2243"]
[BlackElo "2280"]
[PlyCount "39"]
[EventDate "2020.??.??"]

1. d4 d5 2. c4 e6 3. Nf3 a6 4. e3 Nf6 5. b3 Be7 6. Bd3 O-O 7. O-O Nbd7 8. Nc3
c5 9. Bb2 b6 10. Rc1 Bb7 11. cxd5 Nxd5 12. Nxd5 Bxd5 13. Qe2 cxd4 14. e4 Bb7
15. Nxd4 Bd6 16. Nf3 e5 17. Rfd1 Qe7 18. Bc4 Nf6 19. Bd5 Rfd8 20. Bxb7 1/2-1/2

[Event "FB1 1920 Karlsruher SF 1853 - SC Bad KÃ"]
[Site "?"]
[Date "2020.02.16"]
[Round "8.4"]
[White "Rubina, Tatiana"]
[Black "Belenkaya, Dina"]
[Result "0-1"]
[WhiteElo "2030"]
[BlackElo "2304"]
[PlyCount "56"]
[EventDate "2020.??.??"]

1. e4 c6 2. d3 d5 3. Nd2 e5 4. Ngf3 Bd6 5. g3 Nf6 6. Bg2 O-O 7. O-O Re8 8. Re1
Nbd7 9. h3 Nf8 10. Nf1 Bc7 11. Qe2 a5 12. Nh4 a4 13. Qf3 a3 14. b4 Be6 15. Nf5
Bxf5 16. exf5 Qd6 17. Rb1 N8d7 18. c4 e4 19. dxe4 Ne5 20. Qc3 dxc4 21. f4 Qd3
22. Bd2 Bb6+ 23. Kh1 Bd4 24. Qc1 Nf3 25. Rd1 Nxe4 26. Be3 Bxe3 27. Bxf3 Bxc1
28. Rxd3 Nf2+ 0-1

[Event "FB1 1920 Karlsruher SF 1853 - SC Bad KÃ"]
[Site "?"]
[Date "2020.02.16"]
[Round "8.5"]
[White "Babiy, Olga"]
[Black "Scheynin, Julia"]
[Result "1-0"]
[WhiteElo "2212"]
[BlackElo "2000"]
[PlyCount "97"]
[EventDate "2020.??.??"]

1. e4 e6 2. d4 d5 3. Nc3 Nf6 4. e5 Nfd7 5. f4 c5 6. Nf3 Nc6 7. Be3 cxd4 8. Nxd4
Nxd4 9. Bxd4 a6 10. Qd2 Bc5 11. O-O-O b5 12. Bxc5 Nxc5 13. Bd3 b4 14. Ne2 a5
15. Nd4 Ba6 16. Kb1 Qb6 17. Qe3 a4 18. f5 b3 19. Bxa6 bxa2+ 20. Kxa2 Rxa6 21.
fxe6 fxe6 22. Rhf1 Ne4 23. Qa3 Qc5 24. Qxc5 Nxc5 25. Nb5 Ke7 26. Nd6 Rf8 27.
Rxf8 Kxf8 28. Rf1+ Kg8 29. Rf7 Rxd6 30. Rc7 Ra6 31. Rxc5 Kf7 32. Rc7+ Kg6 33.
g4 Kh6 34. h4 g5 35. h5 d4 36. Rc5 Kg7 37. Ka3 Kh6 38. Rc4 Ra5 39. Rxd4 Rxe5
40. Kxa4 Re1 41. b4 e5 42. Rd6+ Kg7 43. c4 Re4 44. c5 Rxg4 45. Kb5 Rg1 46. Re6
Re1 47. c6 Rc1 48. Rxe5 Kf6 49. Rc5 1-0

[Event "FB1 1920 Karlsruher SF 1853 - SC Bad KÃ"]
[Site "?"]
[Date "2020.02.16"]
[Round "8.6"]
[White "Grining, Maria"]
[Black "Gvanceladze, Anna"]
[Result "0-1"]
[WhiteElo "1735"]
[BlackElo "2270"]
[PlyCount "108"]
[EventDate "2020.??.??"]

1. d4 d5 2. Bf4 Nf6 3. c3 c5 4. Nf3 Nc6 5. e3 Qb6 6. Qb3 c4 7. Qxb6 axb6 8. Na3
Bf5 9. Nb5 Ra5 10. a4 Bc2 11. Ng5 e6 12. Bd6 Bxa4 13. Bxf8 Rxf8 14. Nd6+ Ke7
15. Ngxf7 Rxf7 16. Nxf7 Kxf7 17. f3 Bc2 18. Rxa5 bxa5 19. g4 b5 20. Kd2 Bg6 21.
h4 h5 22. g5 Nd7 23. Bg2 Nb6 24. e4 Na4 25. Kc1 b4 26. Kc2 e5 27. Ra1 Nb6 28.
dxe5 dxe4 29. fxe4 b3+ 30. Kd2 Ke6 31. Ke3 Kxe5 32. Rd1 Bf7 33. Bh3 Be6 34.
Bxe6 Kxe6 35. g6 a4 36. Rg1 a3 37. bxa3 Na4 38. Kd2 Ne5 39. Rf1 Nd3 40. Rf5
Nac5 41. Rf7 Nxe4+ 42. Ke3 Nxc3 43. Rxg7 b2 44. Rb7 b1=Q 45. Rxb1 Nxb1 46. a4
Nc5 47. Kd4 c3 48. Kxc5 c2 49. a5 c1=Q+ 50. Kb6 Qb2+ 51. Ka7 Nc3 52. a6 Nd5 53.
Ka8 Qb6 54. g7 Nc7# 0-1

[Event "FB1 1920 Karlsruher SF 1853 - OSG Baden"]
[Site "?"]
[Date "2021.09.03"]
[Round "9.1"]
[White "Kosteniuk, Alexandra"]
[Black "Schmidt, Jessica"]
[Result "1-0"]
[WhiteElo "2526"]
[BlackElo "2234"]
[PlyCount "75"]
[EventDate "2021.??.??"]

1. e4 d5 2. exd5 Qxd5 3. Nc3 Qa5 4. d4 Nf6 5. Nf3 Bg4 6. h3 Bxf3 7. Qxf3 c6 8.
Bd2 e6 9. Ne4 Qd8 10. Nxf6+ Qxf6 11. Qb3 b6 12. O-O-O Bd6 13. Qe3 Qe7 14. Qe4
O-O 15. Bd3 f5 16. Qf3 Nd7 17. Qxc6 Nf6 18. Rhe1 Rac8 19. Qf3 Qd7 20. Qe2 Rfe8
21. Kb1 Qc7 22. g4 f4 23. g5 Nd5 24. Qe4 g6 25. h4 Qf7 26. h5 gxh5 27. Qf3 Ne7
28. Rh1 Nf5 29. Rxh5 Bf8 30. Rdh1 Bg7 31. Rxh7 Qg6 32. Qh3 Qxg5 33. Qh2 Qf6 34.
c3 Nxd4 35. cxd4 Qxd4 36. Rxg7+ Kxg7 37. Qh7+ Kf8 38. Rg1 1-0

[Event "FB1 1920 Karlsruher SF 1853 - OSG Baden"]
[Site "?"]
[Date "2021.09.03"]
[Round "9.2"]
[White "Kiefhaber, Veronika"]
[Black "Paehtz, Elisabeth"]
[Result "0-1"]
[WhiteElo "2143"]
[BlackElo "2465"]
[PlyCount "106"]
[EventDate "2021.??.??"]

1. e4 c5 2. c3 d5 3. exd5 Qxd5 4. d4 g6 5. Nf3 Bg7 6. Na3 cxd4 7. Nb5 Na6 8.
Nbxd4 Nf6 9. Be2 O-O 10. O-O Nc5 11. Re1 a6 12. Bg5 Nce4 13. Bh4 g5 14. Bg3
Nxg3 15. hxg3 g4 16. Nh4 Qg5 17. Bd3 e6 18. Qe2 Re8 19. Rad1 Bd7 20. Qc2 Rac8
21. Qb1 h6 22. Bc2 Qc5 23. Bb3 b5 24. Qd3 Rcd8 25. Qe2 a5 26. Rd2 a4 27. Bc2 a3
28. bxa3 Qxc3 29. Nb3 Qc7 30. Red1 Bc6 31. Nd4 Bd5 32. Nxb5 Qa5 33. Bb3 Qb6 34.
a4 h5 35. Bxd5 Nxd5 36. Rc2 Nb4 37. Rc7 Rxd1+ 38. Qxd1 Nd5 39. Rc4 Rd8 40. Qe2
Qa5 41. Kh2 Nb6 42. Rc5 Nd5 43. Qc2 Bf8 44. Rc4 Qe1 45. Re4 Qa1 46. Nd4 Nc3 47.
Nb3 Qf1 48. Rxe6 Rd1 49. Rg6+ Kh8 50. Qxc3+ Kh7 51. Rh6+ Bxh6 52. Qc2+ Kg8 53.
Qc8+ Bf8 0-1

[Event "FB1 1920 Karlsruher SF 1853 - OSG Baden"]
[Site "?"]
[Date "2021.09.03"]
[Round "9.3"]
[White "Zatonskih, Anna"]
[Black "Rubina, Tatiana"]
[Result "1-0"]
[WhiteElo "2423"]
[BlackElo "1979"]
[PlyCount "67"]
[EventDate "2021.??.??"]

1. d4 e6 2. c4 Nf6 3. Nf3 d5 4. g3 Bd6 5. Bg2 O-O 6. O-O c6 7. Qc2 Nbd7 8. Bf4
Bxf4 9. gxf4 Qc7 10. e3 b6 11. Nbd2 Bb7 12. Rfc1 Rac8 13. cxd5 exd5 14. b4 Qd6
15. Rab1 Rc7 16. Ne5 Rfc8 17. Ndf3 c5 18. bxc5 bxc5 19. Qa4 c4 20. Ng5 Rf8 21.
Nxc4 dxc4 22. Rxb7 Rxb7 23. Bxb7 h6 24. Ne4 Nxe4 25. Bxe4 Nb6 26. Qxa7 f5 27.
Bf3 Qb4 28. Kh1 Rf7 29. Qb8+ Kh7 30. Rg1 Nd5 31. Qe8 Qb7 32. Qe5 Rd7 33. Qxf5+
Kg8 34. Rb1 1-0

[Event "FB1 1920 Karlsruher SF 1853 - OSG Baden"]
[Site "?"]
[Date "2021.09.03"]
[Round "9.4"]
[White "Scheynin, Julia"]
[Black "Arakhamia-Grant, Ketevan"]
[Result "0-1"]
[WhiteElo "1989"]
[BlackElo "2380"]
[PlyCount "102"]
[EventDate "2021.??.??"]

1. e4 c5 2. Nc3 e6 3. d3 Nc6 4. g3 d5 5. Bd2 Nf6 6. Bg2 Be7 7. f4 Rb8 8. a4 b6
9. Nf3 dxe4 10. dxe4 Ba6 11. Be3 O-O 12. h3 Nb4 13. Nd2 Qd7 14. Bf1 Bxf1 15.
Kxf1 Rfd8 16. Rc1 Qb7 17. Rh2 Nc6 18. g4 Nd4 19. g5 Ne8 20. Rg2 a6 21. b3 Nd6
22. Qe1 b5 23. axb5 axb5 24. Bxd4 cxd4 25. Nd1 Rbc8 26. Nf2 Rc3 27. Nd3 Rdc8
28. Nb1 R3c7 29. Re2 Bf8 30. Nf2 b4 31. Qd1 Nb5 32. Qd3 Rd7 33. Rd1 Rcc7 34.
Qg3 Qc8 35. Rc1 d3 36. Nxd3 Nd4 37. Rg2 Nxb3 38. Re1 Rxc2 39. Ne5 Rxg2 40. Qxg2
Rc7 41. Qb2 Qa6+ 42. Kg2 Nc5 43. Qd4 Qa2+ 44. Kg3 Qb3+ 45. Qe3 Qc2 46. Nf3 Rd7
47. Qe2 b3 48. Ne5 Qxe2 49. Rxe2 Rd1 50. Rb2 Nxe4+ 51. Kf3 Rxb1 0-1

[Event "FB1 1920 Karlsruher SF 1853 - OSG Baden"]
[Site "?"]
[Date "2021.09.03"]
[Round "9.5"]
[White "Tammert, Iamze"]
[Black "Juszczak, Anna"]
[Result "1-0"]
[WhiteElo "2295"]
[BlackElo "1977"]
[PlyCount "104"]
[EventDate "2021.??.??"]

1. e4 c5 2. Nc3 e6 3. d3 Nc6 4. g3 d5 5. Bd2 Nf6 6. Bg2 Be7 7. f4 Rb8 8. a4 b6
9. Nf3 dxe4 10. dxe4 Ba6 11. Be3 O-O 12. h3 Nb4 13. Nd2 Qd7 14. Bf1 Bxf1 15.
Kxf1 Rfd8 16. Rc1 Qb7 17. Rh2 Nc6 18. g4 Nd4 19. g5 Ne8 20. Rg2 a6 21. b3 Nd6
22. Qe1 b5 23. axb5 axb5 24. Bxd4 cxd4 25. Nd1 Rbc8 26. Nf2 Rc3 27. Nd3 Rdc8
28. Nb1 R3c7 29. Re2 Bf8 30. Nf2 b4 31. Qd1 Nb5 32. Qd3 Rd7 33. Rd1 Rcc7 34.
Qg3 Qc8 35. Rc1 d3 36. Nxd3 Nd4 37. Rg2 Nxb3 38. Re1 Rxc2 39. Ne5 Rxg2 40. Qxg2
Rc7 41. Qb2 Qa6+ 42. Kg2 Nc5 43. Qd4 Qa2+ 44. Kg3 Qb3+ 45. Qe3 Qc2 46. Nf3 Rd7
47. Qe2 b3 48. Ne5 Qxe2 49. Rxe2 Rd1 50. Rb2 Nxe4+ 51. Kf3 Rxb1 52. Nd3 f6 1-0

[Event "FB1 1920 Karlsruher SF 1853 - OSG Baden"]
[Site "?"]
[Date "2021.09.03"]
[Round "9.6"]
[White "Basovskiy, Jana"]
[Black "Heinemann, Josefine"]
[Result "0-1"]
[WhiteElo "1915"]
[BlackElo "2292"]
[PlyCount "66"]
[EventDate "2021.??.??"]

1. e4 c5 2. Nf3 d6 3. Bb5+ Nd7 4. c3 Ngf6 5. d3 g6 6. O-O Bg7 7. Re1 a6 8.
Bxd7+ Nxd7 9. d4 O-O 10. Be3 Qc7 11. Nbd2 b5 12. Rc1 Bb7 13. Qc2 Rac8 14. Qb1
Nf6 15. h3 a5 16. a3 a4 17. c4 b4 18. axb4 cxb4 19. c5 d5 20. exd5 Nxd5 21. Nc4
Rcd8 22. Nfe5 f6 23. Nd3 Nxe3 24. fxe3 Qg3 25. Re2 Bh6 26. Nxb4 Bxg2 27. Rxg2
Bxe3+ 28. Nxe3 Qxe3+ 29. Kh2 Rxd4 30. Rxg6+ Kh8 31. Rg4 Rd2+ 32. Rg2 Rxg2+ 33.
Kxg2 Rg8+ 0-1

[Event "FB1 1920 Hamburger SK - TuRa Harksheide"]
[Site "?"]
[Date "2021.09.03"]
[Round "9.3"]
[White "Gosciniak, Maria"]
[Black "Fuchs, Judith"]
[Result "0-1"]
[WhiteElo "2090"]
[BlackElo "2216"]
[PlyCount "78"]
[EventDate "2021.??.??"]

1. e4 c5 2. Nf3 d6 3. c4 Nf6 4. Nc3 e5 5. g3 g6 6. Bg2 Bg7 7. d3 Nc6 8. O-O O-O
9. a3 h6 10. Rb1 a5 11. h3 Be6 12. Bd2 Rb8 13. Nb5 Ne8 14. b4 axb4 15. axb4 b6
16. bxc5 bxc5 17. Ne1 Nc7 18. Nc2 Nxb5 19. cxb5 Nd4 20. Nxd4 exd4 21. Qc1 Kh7
22. f4 f5 23. e5 dxe5 24. Qxc5 Rc8 25. Qb4 Bd5 26. b6 Bxg2 27. Kxg2 Qd5+ 28.
Kg1 e4 29. Rfc1 e3 30. Be1 g5 31. fxg5 hxg5 32. b7 Rb8 33. Rc7 Rf7 34. Rxf7
Qxf7 35. Qb5 f4 36. gxf4 gxf4 37. Qc6 f3 38. Qe4+ Kg8 39. Bg3 Qa2 0-1

[Event "FB1 1920 Hamburger SK - TuRa Harksheide"]
[Site "?"]
[Date "2021.09.03"]
[Round "9.4"]
[White "Baciu, Diana"]
[Black "Brandt, Carina"]
[Result "1-0"]
[WhiteElo "2264"]
[BlackElo "2061"]
[PlyCount "65"]
[EventDate "2021.??.??"]

1. e4 e6 2. d4 d5 3. Nc3 dxe4 4. Nxe4 Nf6 5. Bd3 Be7 6. Nf3 Nbd7 7. Nxf6+ gxf6
8. c4 c5 9. Qa4 O-O 10. d5 Ne5 11. Nxe5 fxe5 12. Bh6 Re8 13. dxe6 Bxe6 14. Qc2
Bg5 15. Bxh7+ Kh8 16. Bxg5 Qxg5 17. Be4 Rad8 18. h4 Qf4 19. g3 Qg4 20. b3 Rd4
21. Bxb7 e4 22. Qc3 Qg7 23. O-O Bh3 24. Rfe1 f5 25. Bd5 f4 26. Kh2 Bg4 27. gxf4
Bf3 28. Qxf3 exf3 29. Rxe8+ Kh7 30. Bg8+ Kh8 31. Be6+ Kh7 32. Bf5+ Kh6 33. Rg1
1-0